Herbivores - Sudden Death - Statistics

General Stats
  • This quiz has been taken 3,416 times
    3,387 since last reset
  • The average score is 9 of 22
Answers on the Grid
Answers color-coded by a green-red scale on the quiz's grid according to % correct below.
Antelope
Bison
Camel
Capybara
Chicken
Cow
Deer
Donkey
Elephant
Giraffe
Goat
Hedgehog
Hippopotamus
Horse
Kangaroo
Koala
Lemur
Mouse
Ostrich
Parrot
Pig
Rabbit
Raccoon
Rat
Rhinoceros
Snail
Termite
Warthog
Yak
Zebra
 
Answer Stats
Answer % Correct
Antelope
79%
Camel
67%
Cow
66%
Bison
64%
Giraffe
63%
Deer
62%
Elephant
50%
Koala
50%
Horse
49%
Donkey
48%
Goat
45%
Rabbit
43%
Capybara
41%
Zebra
41%
Yak
29%
Hippopotamus
27%
Rhinoceros
27%
Kangaroo
25%
Snail
18%
Termite
10%
Parrot
9%
Mouse
7%
No matching quizzes found
Score Distribution
Percent of People with Each Score
Percentile by Number Answered
Your Score History
You have not taken this quiz since the last reset